The Fungi
This book discuss on fungi, their thallus organization, cell ultrastructure, nutritional requirements, reproduction and classification given by various workers, and focuses on the up-to-date account of structure and reproduction in major taxa with emphasis on the main fungal groups
Gespeichert in:
| 1. Verfasser: | |
|---|---|
| Format: | Buch |
| Sprache: | Undetermined |
| Veröffentlicht: |
Harrow, U.K.
Alpha Science International Ltd.
2005
|
| Schlagworte: | |
| Tags: |
Tag hinzufügen
Keine Tags, Fügen Sie den ersten Tag hinzu!
|
| Thư viện lưu trữ: | Trung tâm Học liệu Trường Đại học Cần Thơ |
|---|
| LEADER | 00809nam a2200205Ia 4500 | ||
|---|---|---|---|
| 001 | CTU_127883 | ||
| 008 | 210402s9999 xx 000 0 und d | ||
| 020 | |c 854000 | ||
| 082 | |a 579.2 | ||
| 082 | |b S955 | ||
| 100 | |a Sumbali, Geeta | ||
| 245 | 4 | |a The Fungi | |
| 245 | 0 | |c Geeta Sumbali ; general editor, B.M. Johri | |
| 260 | |a Harrow, U.K. | ||
| 260 | |b Alpha Science International Ltd. | ||
| 260 | |c 2005 | ||
| 520 | |a This book discuss on fungi, their thallus organization, cell ultrastructure, nutritional requirements, reproduction and classification given by various workers, and focuses on the up-to-date account of structure and reproduction in major taxa with emphasis on the main fungal groups | ||
| 650 | |a Fungi. | ||
| 904 | |i Minh | ||
| 980 | |a Trung tâm Học liệu Trường Đại học Cần Thơ | ||